| 000 -CABECERA |
| fixed length control field |
01683nam a22002657a 4500 |
| 003 - IDENTIFICADOR DEL NÚMERO DE CONTROL |
| control field |
AR-CdUCM |
| 008 - DATOS DE LONGITUD FIJA--INFORMACIÓN GENERAL |
| fixed length control field |
190425b ||||| |||| 00| 0 spa d |
| 040 ## - FUENTE DE LA CATALOGACIÓN |
| Agencia/entidad que catalogó originalmente la obra |
MUNICIPALIDAD PROVINCIAL DEL CUSCO |
| Entidad que transcribió la catalogación |
BIBLIOTECA MUNICIPAL DEL CUSCO |
| 082 ## - NÚMERO DE LA CLASIFICACIÓN DECIMAL DEWEY |
| No. de Clasificación |
Rev.Geo/N°1/1976 |
| 110 ## - ENTRADA PRINCIPAL--NOMBRE DE ENTIDAD CORPORATIVA |
| Nombre de la institución, jurisdicción como entrada principal |
Universidad Nacional de San Antonio Abad del Cusco |
| 9 (RLIN) |
15942 |
| 245 ## - MENCIÓN DE TÍTULO |
| Título |
Revista del Departamento Académico de Geografía / |
| Mención de responsabilidad |
Departamento Académico de Geografía |
| 260 ## - PUBLICACIÓN, DISTRIBUCIÓN, ETC. |
| Lugar de publicación, distribución, etc. |
Cusco : |
| Nombre de la editorial, distribuidor, etc. |
Departamento Académico de Geografía, |
| Fecha de publicación, distribución, etc. |
1976. |
| 300 ## - DESCRIPCIÓN FÍSICA |
| Nº de Páginas Extensión |
69 páginas. : |
| Otros detalles físicos |
ilustraciones ; |
| Dimensiones |
29 cm. |
| 440 ## - MENCIÓN DE SERIE/PUNTO DE ACCESO ADICIONAL--TÍTULO |
| Título |
Revista del Departamento Académico de Geografía. |
| Número de la parte/sección de una obra |
Número 1, año 1976 |
| 9 (RLIN) |
47032 |
| 505 ## - NOTA DE CONTENIDO CON FORMATO |
| Nota de contenido formateada |
Contenido: Las fotografías orbitales del Perú en la interpretación de caracteres geográficos y recursos mineros. Carlos Kalafatovich. -- El dominio de la tierra en el Perú. José Azpilcueta. -- Nota bibliográfica geología planetaria. Carlos Kalafatovich Valle. -- Localidades fosilíferas en el valle del Cusco. Eduardo Gil Mora. -- Deslizamiento de Ucchullo Chico. José Ramírez Pareja. -- Los lagos y su formación. Julio Arias Garzón. -- Nuevas carreras técnicas en la universidad. José Ramírez Pareja. -- Aspectos sobre el origen de los suelos en el valle del Cusco. Nimio Tristán Elorrieta. -- El cielo y los fenómenos de la atmosfera del Cusco. Luis Olazo Olivera. |
| 650 ## - PUNTO DE ACCESO ADICIONAL DE MATERIA--TÉRMINO DE MATERIA |
| Descriptor |
Geología del Cusco |
| 9 (RLIN) |
47033 |
| 650 ## - PUNTO DE ACCESO ADICIONAL DE MATERIA--TÉRMINO DE MATERIA |
| Descriptor |
Recursos mineros |
| 9 (RLIN) |
47034 |
| 650 ## - PUNTO DE ACCESO ADICIONAL DE MATERIA--TÉRMINO DE MATERIA |
| Descriptor |
Fósiles |
| 9 (RLIN) |
23321 |
| 650 ## - PUNTO DE ACCESO ADICIONAL DE MATERIA--TÉRMINO DE MATERIA |
| Descriptor |
Hidrología |
| 9 (RLIN) |
6390 |
| 700 ## - PUNTO DE ACCESO ADICIONAL--NOMBRE DE PERSONA |
| Nombre Personal |
Kalafatovich Valle, Carlos |
| 9 (RLIN) |
46062 |
| 700 ## - PUNTO DE ACCESO ADICIONAL--NOMBRE DE PERSONA |
| Nombre Personal |
Ramírez Pareja, José |
| 9 (RLIN) |
47035 |
| 700 ## - PUNTO DE ACCESO ADICIONAL--NOMBRE DE PERSONA |
| Nombre Personal |
Gil Mora, Eduardo |
| 9 (RLIN) |
46972 |
| 942 ## - ELEMENTOS DE PUNTO DE ACCESO ADICIONAL (KOHA) |
| Fuente de clasificación |
|
| Tipo de item |
Revistas cusqueñas |
| 945 ## - PROCESAMIENTO DE INFORMACIÓN LOCAL (OCLC) |
| Catalogador |
vhl |